000 00393cam a22001217a 4500
008 180718b1998 xxu||||| |||| 00| 0 eng d
082 _aQ39x5442 M277L/1
245 _aLatur district disaster responce plan
260 _aMumbai
_bMaharashtra Emergency Earthhquake Rehabilition Programme
_c1998
300 _av.p.
500 _aMaharashtra Disaster Management Plan
650 _aDisaster management
999 _c432960
_d432960